| 000 | 02097cam a22003374a 4500 | ||
|---|---|---|---|
| 001 | 16465520 | ||
| 003 | AUA.1 | ||
| 005 | 20180425175924.0 | ||
| 008 | 100919s2011 nju b 001 0 eng | ||
| 010 | _a 2010038844 | ||
| 020 | _a1592217710 (cloth : alk. paper) | ||
| 020 | _a1592217729 (pbk. : alk. paper) | ||
| 040 |
_aDLC _cDLC |
||
| 043 | _af------ | ||
| 050 | 0 | 0 |
_aHQ691 _b.F76 2011 |
| 082 | 0 | 0 |
_a306.850967 _222 |
| 245 | 0 | 0 |
_aFrontiers of globalization : _bkinship and family structures in Africa / _cedited by Ana Marta Gonzâlez, Laurie DeRose, and Florence Oloo. |
| 260 |
_aTrenton, NJ : _bAfrica World Press, _c2011. |
||
| 300 |
_axxii, 290 p. ; _c22 cm. |
||
| 504 | _aIncludes bibliographical references (p. 272-279) and index. | ||
| 505 | 0 | _aChanges in African families : a review of anthropological and sociological approaches towards family and kinship in Africa / Erdmute Alber and Astrid Bochow -- Stretched and strained but not broken : kinship in contemporary Nigeria / Daniel Jordan Smith -- Child trafficking in West Africa? / Erdmute Alber -- An approach to the concept of family in the African Union / Paloma Durán y Lalaguna -- Legislating marriage : globalization and family law reform in West Africa / Susanna D. Wing -- Matrifocality, patriarchy and globalization : changing family forms in a south African city / Leslie Bank -- Towards a different kind of freedom : notes on historicizing globalization and women in Africa / Abena P.A. Busia -- African masculinities, relationships, and sexualities / Victor Seidler -- Religion and HIV risk / Laurie DeRose. | |
| 650 | 0 |
_aFamilies _zAfrica. _915308 |
|
| 650 | 0 |
_aGlobalization _zAfrica. |
|
| 651 | 0 |
_aAfrica _xSocial conditions _y21st century. |
|
| 700 | 1 |
_aGonzález, Ana Marta, _d1969- _eed. |
|
| 700 | 1 |
_aDeRose, Laurie Fields, _d1968- _eed. |
|
| 700 | 1 |
_aOloo, Florence. _eed. |
|
| 906 |
_a7 _bcbc _corignew _d1 _eecip _f20 _gy-gencatlg |
||
| 942 |
_2lcc _cBOOK _hHQ 691 _i.F76 2011 |
||
| 999 |
_c18562 _d18562 |
||